000 00489nam a2200181Ia 4500
999 _c29941
_d29941
003 OSt
005 20201124104159.0
008 190216s9999||||xx |||||||||||||| ||und||
020 _a9788130007229
040 _coclc
082 _a894.8123
_bVAL/K
100 _aValsala, P
_96547
245 0 _aKanal /
_cP Valsala
260 _bPoorna Publications,
_c2009.
_aKozhikode:
300 _a136p
650 _aNovel
942 _cBK
_2ddc
_h894.8123
_iVAL/K
_k894.8123
_mVAL/K